00814 2200253 4500001002100000005001500021035002000036007000300056008004100059020002200100082001000122084001600132100003500148245016300183250001400346300002800360600002400388264003800412336002100450337001900471338003800490990001600528990001600544INLIS00000000000594620260205011424 a0010-0226000152ta260205 0 ind  a978-623-357-114-2 a370.7 a370.7 TIM t0 aTIM SMART EDUCATIONePengarang1 aTOP MODUL SUPERLENGKAP TES BUMN (BADAN USAHA MILIK NEGARA) TKD + CORE VALUES :bKUPAS TUNTAS MATERI & SOAL TES BUMN TERBARU & TERUPDATE /cTIM SMART EDUCATION aCETAKAN 1 a450 hlm ;c190 x 260 mm04aTIM SMART EDUCATION aYOGYAKARTA :bC-KLIK MEDIA,c2023 2rdacontentaTEXT 2rdamediaaBUKU 2rdacarrieraMPK RAK KANAN LAJUR 2 a00000013827 a00000013828